000 00469nam a2200181Ia 4500
005 20250508161605.0
008 008 250505s9999 xx 000 0 eng d
037 _aTextual
040 _aFEDL
_beng
_cFEDL
041 _aeng
_2eng
084 _aF, SEW
_qFEDL
100 _aSewell Anna
_9407057
245 0 _aBlack beauty
260 _aLondon, UK
_bWard, Lock and Co. Ltd.
_c1956
300 _a223p.
942 _cTEXL
_hF, SEW
999 _c1370964
_d1370964